1837 1679 1372 1942 1823 1263 1575 1723 1269 1462 1095 1883 1495 1821 1735 1153 1598 1713 1691 1329 1022 1527 1933 1868 1691 1513 1562 1447 1334 1498 1887 1642 1483 1455 1007 1688 1377 1627 1465 1511 1825 1941 1419 1443 1655 1823 1592 1025 1819 1248 1265 1857 1150 1952 1978 1771 1486 1188 1098 1659 1571 1294 1946 1237 1801 1590 1422 1708 1930 1188 1120 1709 1671 1511 1527 1523 1651 1261 1137 1360 1984 1003 1397 1979 1369 1233 1126 1096 1839 1566 1778 1465 1905 1025 1224 1980 1337 1614 1694 BCNSPRNW ULIB Ver.6.0+V

เปลี่ยนเป็นภาษาไทย

Change to English
 แสดงรายละเอียดบรรณานุกรม
  กลับหน้าหลัก

Brief Record : Get Marc (ISO 2709) : E-mail record : QR code < ปิดหน้าต่าง
LEADER : 00000nam 2200000uu 4500
001    13399111801
003     ULIB
008    110708s2542||||th 000 0 tha d
020    9748036561
050 04 DS570.6.W3^bอ1711ก 2542
100 0  กิติวัฒนา (ไชยันต์) ปกมนตรี,ม.ร.ว. 2476-
245 10 ก่อนเลือนหายในสายลม /^cอวัสดา ปกมนตรี [นามแฝง]
260    กรุงเทพฯ :^bอมรินทร์พริ้นติ้งแอนด์พับลิชชิ่ง,^c2542
300    333 หน้า :^bภาพประกอบ
600 07 วิวัฒนไชย,^cพระองค์เจ้า,^d2442-2503
945    ^p150^l0^i016104
995    ทศพร
999 ^a ใช้งานได้ทุกระบบ
รายการนี้ยังไม่มีแท็ก
คุณยังไม่ได้ล็อกอิน คุณสามารถมีกิจกรรมร่วมกับเว็บไซต์ได้ แต่ต้องล็อกอินก่อน ::
  ล็อกอิน

รายการสื่อสารสนเทศ

ลำดับที่ ประเภท เลขเรียก/บาร์โค้ด สถานที่ สถานะ
- ไม่พบข้อมูล -

BibComment


ยังไม่เคยถูกคอมเมนท์

คอมเมนท์ทรัพยากรรายการนี้
  คอมเมนท์: ก่อนเลือนหายในสาย..


 Copyright 2026. Bcnsprnw @Library